Marketing Management (Record no. 6234)

MARC details
005 - DATE AND TIME OF LATEST TRANSACTION
control field 20250629094045.0
020 ## - INTERNATIONAL STANDARD BOOK NUMBER
International Standard Book Number 9780655161264
082 ## - DEWEY DECIMAL CLASSIFICATION NUMBER
Classification number 658.8 PIL
100 ## - MAIN ENTRY--PERSONAL NAME
Author name PILLAI, R. S. N.
245 ## - TITLE STATEMENT
Title Marketing Management
260 ## - PUBLICATION, DISTRIBUTION, ETC.
Place of publication, distribution, etc. New Delhi,
Name of publisher, distributor, etc. S. CHAND COMPANY
Date of publication, distribution, etc. 2010.
300 ## - PHYSICAL DESCRIPTION
Extent 548p.; ill.; figure
Other physical details Index
Dimensions 23cm.
700 ## - ADDED ENTRY--PERSONAL NAME
Other authors/Editors BAGAVATHI, R. et all...
942 ## - ADDED ENTRY ELEMENTS (KOHA)
Source of classification or shelving scheme Dewey Decimal Classification
Koha item type Books
Holdings
Date last seen Total checkouts Full call number Barcode Cost, replacement price Price effective from Koha item type Lost status Source of classification or shelving scheme Damaged status Not for loan Withdrawn status Home library Current library Shelving location Date acquired Cost, normal purchase price
06/29/2025   658.8 PIL DOM0004222 145000.00 06/29/2025 Books   Dewey Decimal Classification       CBE Dodoma CBE Dodoma General Collection 06/03/2015 45000.00